| 000 | 00586nam a2200181 a 4500 | ||
|---|---|---|---|
| 001 | BRCA_6293 | ||
| 005 | 20190320205412.0 | ||
| 008 | 040811r2011----u--a######---#000-0#eng-# | ||
| 041 | _aeng | ||
| 044 | _au | ||
| 050 | 4 |
_aNA2707 _b.G48 2011 |
|
| 245 | 1 | 0 |
_aThe Getty Research Institute _bSpecial Collections. |
| 260 |
_aLos Angeles, California _bJ. Paul Getty Trust _cc2011 |
||
| 300 |
_a107 p. _bil. a color _c23 cm. _e1 folleto |
||
| 500 | _a2do. ejemplar en el Área de Investigación | ||
| 610 | 2 | 4 |
_aGetty Research Institute _vCatálogos _xColecciones especiales _915781 |
| 942 |
_2lcc _cB |
||
| 999 |
_c5979 _d5979 |
||